000 00558cam a22002291 4500
001 sa 68014996
003 DLC
005 20260227112638.0
008 881028s1967 xx 000 0 beno
010 _asa 68014996
035 _a(OCoLC)23574949
040 _aDLC
_cMiU
_dDLC
042 _apremarc
050 0 0 _aPK1703
_b.D4
100 1 _aDey, Bishnu.
245 1 0 _aMāikela, Rabīndranātha o anyānya jijñāsā.
260 _c[1967]
300 _a214 p.
_c23 cm.
500 _aRomanized.
650 0 _aBengali literature
650 0 _aLiterature
999 _c86151
_d86151